000 00538nam a2200169 i 4500
001 78428
003 ES-MaACL
005 20230906173710.0
007 t|
008 041014s1901 fr ||||1| fre d
100 1 _aHauptmann, Gerhart.
_962099
245 1 3 _aLe voiturier Henschel
_b: piece en cinq actes /
_cGerhart Hauptmann ; traduit de l'allemant par Jean Thorel.
260 _a[S.l. :
_bs.n.,
_c1901] (
_eChâteauroux :
_fA. Melloktee)
300 _a240 p. ;
_c19 cm.
700 1 _aThorel, Jean.
_9110136
852 _aES-MaACL
_jF-9061
999 _c78428
_d78428